LIBRARY & INFORMATION CENTRE, KCAET, TAVANUR

ONLINE PUBLIC ACCESS CATALOGUE (OPAC)

Comparison of unsaturated hydraulic conductivity of dfferent soils through inverse modelling using Hydrus-I D (Record no. 17404)

MARC details
000 -LEADER
fixed length control field 00535nam a22001817a 4500
003 - CONTROL NUMBER IDENTIFIER
control field OSt
082 ## - DEWEY DECIMAL CLASSIFICATION NUMBER
Classification number 631.587
Item number AKS/CO
088 ## - REPORT NUMBER
Report number P 504
100 ## - MAIN ENTRY--AUTHOR NAME
Personal name Akshaya K A
100 ## - MAIN ENTRY--AUTHOR NAME
Personal name Amrutha K
100 ## - MAIN ENTRY--AUTHOR NAME
Personal name Anju M
100 ## - MAIN ENTRY--AUTHOR NAME
Personal name Dhruv Raj Bagri
245 ## - TITLE STATEMENT
Title Comparison of unsaturated hydraulic conductivity of dfferent soils through inverse modelling using Hydrus-I D
260 ## - PUBLICATION, DISTRIBUTION, ETC. (IMPRINT)
Place of publication Tavanur
Name of publisher Department of Irrigation and Drainage Engineering
Year of publication 2021
300 ## - PHYSICAL DESCRIPTION
Number of Pages 46 p
700 ## - ADDED ENTRY--PERSONAL NAME
Personal name Rema (Guide)
942 ## - ADDED ENTRY ELEMENTS (KOHA)
Koha item type Project Report
Holdings
Collection code Home library Current library Shelving location Full call number Accession Number Koha item type
Reference KAUAET KAUAET Reference1 631.587 AKS/CO P 504 Project Report
free website counter